00725nam a2200217Ia 4500008004100000020001600041040001800057041000800075100003300083245011100116260005200227300001800279504003900297650001300336650003200349650003800381650001700419650002000436700002600456765002500482130821s1993 sp gr spa  a84810900093 aCo-BoUCMbspa00aspa1 aMcluhan, Marshalld1911-198013aLa galaxia de Gutemberg génesis del homo typographicuscMarshall McLuhan ; traducción de Juan Novella aBarcelona (España)bCirculo de Lectoresc1993 a424 páginas aIncluye bibliografía e índice.04aImprenta04aInnovaciones tecnológicas04aMedios de comunicación de masas04aSociología04aComunicación 1 aNovella, Juan.etrad.04aThe Gutemberg galaxy